000 00576nam a2200217 i 4500
001 C2-0292316
003 PPAK
005 20180729000750.0
008 081222s2007 my |||| ||||| | may d
040 _aPPAK
_beng
_cPPAK
_erda
245 1 0 _aMukhsin
264 1 _aKuala Lumpur :
_bDragon Jester Entertainment ,
_c2007
336 _2rdacontent
_atext
337 _2rdamedia
_aunmediated
338 _2rdacarrier
_avolume
500 _aVCD 2830/08
700 _eauthor
700 0 _aYasmin Ahmad,
_ecompile
700 0 _aAffandi Jamaluddin,
_eeditor
942 _2ddc
_cVCD
999 _c165639
_d165639